<?xml version="1.0" encoding="UTF-8"?><?xml-stylesheet type="text/xsl" href="static/style.xsl"?><OAI-PMH xmlns="http://www.openarchives.org/OAI/2.0/" xmlns:xsi="http://www.w3.org/2001/XMLSchema-instance" xsi:schemaLocation="http://www.openarchives.org/OAI/2.0/ http://www.openarchives.org/OAI/2.0/OAI-PMH.xsd"><responseDate>2026-04-28T19:44:43Z</responseDate><request verb="GetRecord" identifier="oai:uvadoc.uva.es:10324/2959" metadataPrefix="marc">https://uvadoc.uva.es/oai/request</request><GetRecord><record><header><identifier>oai:uvadoc.uva.es:10324/2959</identifier><datestamp>2025-02-19T08:55:54Z</datestamp><setSpec>com_10324_1138</setSpec><setSpec>com_10324_931</setSpec><setSpec>com_10324_894</setSpec><setSpec>col_10324_1226</setSpec></header><metadata><record xmlns="http://www.loc.gov/MARC21/slim" xmlns:doc="http://www.lyncode.com/xoai" xmlns:xsi="http://www.w3.org/2001/XMLSchema-instance" xmlns:dcterms="http://purl.org/dc/terms/" xsi:schemaLocation="http://www.loc.gov/MARC21/slim http://www.loc.gov/standards/marcxml/schema/MARC21slim.xsd">
<leader>00925njm 22002777a 4500</leader>
<datafield tag="042" ind1=" " ind2=" ">
<subfield code="a">dc</subfield>
</datafield>
<datafield tag="720" ind1=" " ind2=" ">
<subfield code="a">Vaquero Puerta, Carlos</subfield>
<subfield code="e">author</subfield>
</datafield>
<datafield tag="720" ind1=" " ind2=" ">
<subfield code="a">San Norberto García, Enrique María</subfield>
<subfield code="e">author</subfield>
</datafield>
<datafield tag="720" ind1=" " ind2=" ">
<subfield code="a">Merino Díaz, Borja</subfield>
<subfield code="e">author</subfield>
</datafield>
<datafield tag="720" ind1=" " ind2=" ">
<subfield code="a">González Fajardo, José Antonio</subfield>
<subfield code="e">author</subfield>
</datafield>
<datafield tag="720" ind1=" " ind2=" ">
<subfield code="a">Taylor, James</subfield>
<subfield code="e">author</subfield>
</datafield>
<datafield tag="260" ind1=" " ind2=" ">
<subfield code="c">2012</subfield>
</datafield>
<datafield tag="520" ind1=" " ind2=" ">
<subfield code="a">Missile embolism into the cerebral circulation is a very unusual complication of shotgun wounds to the chest or neck. We&#xd;
report a case of an 11-year-old boy who sustained an air gunshot wound and pellet embolism to the intracranial carotid&#xd;
artery. The cerebral artery pellet embolus resulted in contralateral hemiplegia. The patient was successfully treated by&#xd;
emergency flow reversal and embolectomy. Because this injury is extremely rare, the literature is reviewed, and several&#xd;
principles are suggested to improve the management. ( J Vasc Surg 2012;55:535-7.)</subfield>
</datafield>
<datafield tag="024" ind2=" " ind1="8">
<subfield code="a">Journal of Vascular Surgery, vol.55, p.535-37</subfield>
</datafield>
<datafield tag="024" ind2=" " ind1="8">
<subfield code="a">0741-5214</subfield>
</datafield>
<datafield tag="024" ind2=" " ind1="8">
<subfield code="a">http://uvadoc.uva.es/handle/10324/2959</subfield>
</datafield>
<datafield tag="024" ind2=" " ind1="8">
<subfield code="a">535</subfield>
</datafield>
<datafield tag="024" ind2=" " ind1="8">
<subfield code="a">55</subfield>
</datafield>
<datafield tag="024" ind2=" " ind1="8">
<subfield code="a">537</subfield>
</datafield>
<datafield tag="024" ind2=" " ind1="8">
<subfield code="a">Journal of Vascular Surgery</subfield>
</datafield>
<datafield ind1=" " ind2=" " tag="653">
<subfield code="a">Armas de fuego</subfield>
</datafield>
<datafield ind1=" " ind2=" " tag="653">
<subfield code="a">Cerebro - Lesiones y heridas</subfield>
</datafield>
<datafield ind1=" " ind2=" " tag="653">
<subfield code="a">Cirugía</subfield>
</datafield>
<datafield tag="245" ind1="0" ind2="0">
<subfield code="a">Shotgun wound and pellet embolism to the intracranial carotid artery</subfield>
</datafield>
</record></metadata></record></GetRecord></OAI-PMH>